000 00624cam a22002293a 4500
001 29367
003 PGUSA
005 20140828083632.0
008 090710s2009||||xxu|||||s|||||000 | eng d
040 _aPGUSA
_beng
042 _adc
050 4 _aPZ
100 1 _aCross, Helen Reid
245 1 0 _aHumpty Dumpty's Little Son
_h[electronic resource] /
_cHelen Reid Cross
260 _bProject Gutenberg,
_c2009
506 _aPublic domain in the USA.
516 _aElectronic text
653 _aChildren's stories
830 0 _aProject Gutenberg
_v29367
856 4 0 _uhttp://www.gutenberg.org/ebooks/29367
942 _cEB
999 _c258622
_d258622